Разработка электролизера для получения порошков металлов из водных растворов; Химия и химическая технология в XXI веке

Dades bibliogràfiques
Parent link:Химия и химическая технология в XXI веке.— 2019.— [С. 428-429]
Autor principal: Крамаренко А. С.
Autor corporatiu: Национальный исследовательский Томский политехнический университет Инженерная школа новых производственных технологий Научно-производственная лаборатория "Импульсно-пучковых, электроразрядных и плазменных технологий", Национальный исследовательский Томский политехнический университет Инженерная школа ядерных технологий Отделение ядерно-топливного цикла
Altres autors: Дмитриенко В. П. Виктор Петрович (научный руководитель), Леонова Л. А. Лилия Александровна
Sumari:Заглавие с экрана
Idioma:rus
Publicat: 2019
Col·lecció:Химическая технология редких элементов
Matèries:
Accés en línia:http://earchive.tpu.ru/handle/11683/55467
Format: MixedMaterials Electrònic Capítol de llibre
KOHA link:https://koha.lib.tpu.ru/cgi-bin/koha/opac-detail.pl?biblionumber=629511

MARC

LEADER 00000naa2a2200000 4500
001 629511
005 20231101133550.0
035 |a (RuTPU)RU\TPU\conf\30159 
035 |a RU\TPU\conf\30156 
090 |a 629511 
100 |a 20190717d2019 k y0rusy50 ca 
101 0 |a rus 
102 |a RU 
105 |a y z 101zy 
135 |a drgn ---uucaa 
181 0 |a i  
182 0 |a b 
200 1 |a Разработка электролизера для получения порошков металлов из водных растворов  |f А. С. Крамаренко, В. П. Дмитриенко  |g науч. рук. Л. А. Леонова 
203 |a Текст  |c электронный 
225 1 |a Химическая технология редких элементов 
230 |a 1 компьютерный файл (pdf; 941 Kb) 
300 |a Заглавие с экрана 
320 |a [Библиогр.: с. 429 (2 назв.)] 
463 0 |0 (RuTPU)RU\TPU\conf\29907  |t Химия и химическая технология в XXI веке  |o материалы XX Международной научно-практической конференции имени профессора Л. П. Кулёва студентов и молодых ученых, 20–23 мая 2019 г., г. Томск  |f Национальный исследовательский Томский политехнический университет  |v [С. 428-429]  |d 2019 
610 1 |a электронный ресурс 
610 1 |a труды учёных ТПУ 
610 1 |a электролизеры 
610 1 |a порошки 
610 1 |a металлы 
610 1 |a водные растворы 
610 1 |a металлические порошки 
610 1 |a электролиз 
610 1 |a технологические параметры 
700 1 |a Крамаренко  |b А. С. 
701 1 |a Дмитриенко  |b В. П.  |c химик  |c доцент Томского политехнического университета, кандидат химических наук  |f 1951-  |g Виктор Петрович  |2 stltpush  |3 (RuTPU)RU\TPU\pers\31063 
702 1 |a Леонова  |b Л. А.  |c химик-технолог  |c доцент Томского политехнического университета, кандидат технических наук  |c девичья фамилия Филатова  |f 1983-  |g Лилия Александровна  |2 stltpush  |4 727 
712 0 2 |a Национальный исследовательский Томский политехнический университет  |b Инженерная школа новых производственных технологий  |b Научно-производственная лаборатория "Импульсно-пучковых, электроразрядных и плазменных технологий"  |h 7882  |2 stltpush  |3 (RuTPU)RU\TPU\col\23502 
712 0 2 |a Национальный исследовательский Томский политехнический университет  |b Инженерная школа ядерных технологий  |b Отделение ядерно-топливного цикла  |h 7864  |2 stltpush  |3 (RuTPU)RU\TPU\col\23554 
801 2 |a RU  |b 63413507  |c 20190807  |g RCR 
856 4 |u http://earchive.tpu.ru/handle/11683/55467 
942 |c BK